000 00677nam a2200217Ia 4500
003 GCL
005 20240530101832.0
008 140319s9999 xx 000 0 ara d
040 _aGCL /
_cGCL
082 0 4 _a301.363/
_bأ م
100 0 _aالسيد الحسينى
245 1 0 _aالمدينة دراسة فى علم الاجتماع الحضرى /
_cتاليف السيد الحسينى
250 _aط.2
260 _aالقاهرة :
_bدار المعارف،
_c1981
300 _a370 ص. :
_c24 سم.
650 0 4 _aالمدن
650 0 4 _aتخطيط المدن
650 0 4 _aالاجتماع الحضرى
650 0 4 _aالمدن والقرى
942 _2ddc
_cBK
999 _c28061
_d28061